[Event "Czech Chess Christmas 2005"]
[Site "Litomysl (CZE)"]
[Date "2005.12.26"]
[Round "1.1"]
[White "Dydyshko, Viacheslav"]
[Black "Lips, Frantisek"]
[Result "1-0"]
[WhiteElo "2551"]
[BlackElo "2090"]
[PlyCount "94"]
[EventDate "2005.12.26"]

1. d4 Nf6 2. c4 g6 3. Nc3 Bg7 4. e4 d6 5. f3 O-O 6. Be3 Na6 7. Bd3 c5 8. d5 Bd7
9. Nge2 Nc7 10. O-O a6 11. a3 b5 12. b4 cxb4 13. axb4 bxc4 14. Bxc4 Nb5 15. Qd3
Ne8 16. Ra5 Nec7 17. Na4 Rb8 18. Nb6 Rb7 19. Nxd7 Qxd7 20. Rc1 Rfb8 21. Bb3 h5
22. Ra2 Kh7 23. Ba4 Qd8 24. Rc4 Qh8 25. Bxb5 axb5 26. Rc6 Qd8 27. Rac2 Ne8 28.
Nd4 Qd7 29. Ra6 Nc7 30. Ra3 Ne8 31. Nc6 Rc8 32. Ra6 Nc7 33. Rca2 Qe8 34. Ra7
Rxa7 35. Nxa7 Ra8 36. Rc2 Qd7 37. Qa3 e6 38. Qa5 Ne8 39. dxe6 Qxe6 40. Qa2 Qd7
41. h3 Be5 42. Kh1 Ng7 43. Rd2 Ne6 44. Qa6 Bg3 45. Qb6 h4 46. Rd1 Ng7 47. Nxb5
Ra2 1-0

[Event "Czech Chess Christmas 2005"]
[Site "Litomysl (CZE)"]
[Date "2005.12.26"]
[Round "1.2"]
[White "Mejzlik, Vojtech"]
[Black "Manik, Mikulas"]
[Result "0-1"]
[WhiteElo "2082"]
[BlackElo "2474"]
[PlyCount "52"]
[EventDate "2005.12.26"]

1. c4 g6 2. Nc3 Bg7 3. e4 c5 4. d3 Nc6 5. g3 d6 6. Bg2 e5 7. Nge2 h5 8. h4 Bg4
9. f3 Be6 10. O-O Nge7 11. Nd5 O-O 12. Be3 Nd4 13. Nec3 a6 14. Qd2 Nxd5 15.
Nxd5 b5 16. b3 bxc4 17. bxc4 Bxd5 18. cxd5 Rb8 19. Bxd4 cxd4 20. Rfc1 Kh7 21.
Rc6 Bh6 22. Qc2 Be3+ 23. Kh2 g5 24. hxg5 Qxg5 25. Bh3 Rg8 26. Qg2 Rb2 0-1

[Event "Czech Chess Christmas 2005"]
[Site "Litomysl (CZE)"]
[Date "2005.12.26"]
[Round "1.3"]
[White "Gajewski, Grzegorz"]
[Black "Kranjec, Toni"]
[Result "1-0"]
[WhiteElo "2461"]
[BlackElo "2081"]
[PlyCount "71"]
[EventDate "2005.12.26"]

1. Nf3 Nf6 2. g3 d5 3. Bg2 Bf5 4. O-O e6 5. c4 c6 6. b3 Be7 7. Bb2 O-O 8. d3
Nbd7 9. Nbd2 b5 10. Nd4 Qb6 11. Nxf5 exf5 12. Qc2 Rac8 13. Rac1 g6 14. cxd5
Nxd5 15. Bxd5 cxd5 16. Qxc8 Rxc8 17. Rxc8+ Bf8 18. Rfc1 Qa5 19. Bc3 Qxa2 20.
Nf3 Qxe2 21. Nd4 Qxd3 22. Nc6 f6 23. Rd8 Nc5 24. Rxf8+ Kxf8 25. Bb4 Kg7 26.
Bxc5 Qxb3 27. Nd4 Qb2 28. Re1 a5 29. Kg2 f4 30. Ne6+ Kh6 31. Bf8+ Kh5 32. Nxf4+
Kg5 33. Ne6+ Kf5 34. Ng7+ Kg5 35. h4+ Kg4 36. Rd1 1-0

[Event "Czech Chess Christmas 2005"]
[Site "Litomysl (CZE)"]
[Date "2005.12.26"]
[Round "1.4"]
[White "Motyl, Tomasz"]
[Black "Biolek, Richard"]
[Result "0-1"]
[WhiteElo "2070"]
[BlackElo "2454"]
[PlyCount "90"]
[EventDate "2005.12.26"]

1. e4 d5 2. exd5 Nf6 3. d4 Nxd5 4. Nf3 Bg4 5. h3 Bh5 6. Be2 e6 7. O-O Nc6 8. c4
Nb6 9. Nc3 Be7 10. b3 Bxf3 11. Bxf3 Nxd4 12. Bxb7 Rb8 13. Be3 c5 14. Be4 f5 15.
Bxd4 cxd4 16. Bc6+ Kf7 17. Ne2 e5 18. g4 Qc8 19. Bg2 fxg4 20. Ng3 Rf8 21. Qxg4
Qxg4 22. hxg4 Nd7 23. f4 exf4 24. Rxf4+ Kg6 25. Be4+ Kg5 26. Rf5+ Rxf5 27. Bxf5
Nf6 28. Re1 Bd6 29. Ne4+ Nxe4 30. Rxe4 g6 31. Be6 d3 32. Kg2 Re8 33. Kf3 Bb4
34. Ke3 d2 35. Ke2 Kf6 36. Bd5 Rxe4+ 37. Bxe4 Ke5 38. Bc2 Kd4 39. Bd1 Kc3 40.
a4 h5 41. gxh5 gxh5 42. Kf3 Kb2 43. Kg3 Kc1 44. Bxh5 d1=Q 45. Bxd1 Kxd1 0-1

[Event "Czech Chess Christmas 2005"]
[Site "Litomysl (CZE)"]
[Date "2005.12.26"]
[Round "1.5"]
[White "Szoen, Dariusz"]
[Black "Walentukiewicz, Michal"]
[Result "1-0"]
[WhiteElo "2450"]
[BlackElo "2070"]
[PlyCount "65"]
[EventDate "2005.12.26"]

1. e4 c5 2. Nc3 g6 3. Nf3 Bg7 4. d4 Nc6 5. d5 Nd4 6. Nd2 f5 7. exf5 Nxf5 8.
Nde4 Nf6 9. Nxc5 O-O 10. Bd3 d6 11. Nb3 Bd7 12. O-O Rc8 13. h3 Kh8 14. Bxf5
Bxf5 15. Nd4 Bd7 16. Re1 Rxc3 17. bxc3 Nxd5 18. Qd3 e5 19. Nf3 Bc6 20. Bg5 Qd7
21. Rad1 b5 22. c4 bxc4 23. Qxc4 Qb7 24. Qb3 Nb6 25. Rxd6 Bd5 26. Rxd5 Qxd5 27.
Qxd5 Nxd5 28. Nxe5 Kg8 29. c4 Nc3 30. Nd7 Rc8 31. Re7 Nxa2 32. Bf6 Bh6 33. Be5
1-0

[Event "Czech Chess Christmas 2005"]
[Site "Litomysl (CZE)"]
[Date "2005.12.26"]
[Round "1.16"]
[White "Svoboda, Vaclav"]
[Black "Luch, Michal"]
[Result "1-0"]
[WhiteElo "2008"]
[BlackElo "2378"]
[PlyCount "90"]
[EventDate "2005.12.26"]

1. e4 c5 2. Nf3 e6 3. d4 cxd4 4. Nxd4 a6 5. Bd3 Nf6 6. O-O Qc7 7. c4 Nc6 8.
Nxc6 dxc6 9. b3 Qe5 10. Qc2 Ng4 11. g3 Bc5 12. Nc3 Qh5 13. h4 Nxf2 14. Rxf2 Qf3
15. Bf4 e5 16. Bxe5 f6 17. Bc7 Kd7 18. Bf4 g5 19. hxg5 fxg5 20. Na4 Bd4 21. Be5
Be3 22. Kf1 Bxf2 23. Qxf2 Qxf2+ 24. Kxf2 Rf8+ 25. Ke3 Ke6 26. Bd4 b5 27. Nb6
Rb8 28. Rh1 Rf7 29. Rh6+ Ke7 30. Nxc8+ Rxc8 31. e5 c5 32. Bb2 Rcf8 33. Rf6 b4
34. Be4 Rxf6 35. exf6+ Kf7 36. Bd5+ Kg6 37. f7 h5 38. Be5 Rd8 39. Bd6 Kg7 40.
Bxc5 h4 41. f8=Q+ Rxf8 42. Bxf8+ Kxf8 43. gxh4 g4 44. Kf4 Ke7 45. Kxg4 Kd6 1-0

[Event "Czech Chess Christmas 2005"]
[Site "Litomysl (CZE)"]
[Date "2005.12.26"]
[Round "1.18"]
[White "Stodolova, Kristyna"]
[Black "Kotan, Ladislav"]
[Result "1/2-1/2"]
[WhiteElo "2001"]
[BlackElo "2364"]
[PlyCount "157"]
[EventDate "2005.12.26"]

1. d4 d5 2. c4 e6 3. Nc3 Be7 4. Nf3 Nf6 5. Bg5 h6 6. Bxf6 Bxf6 7. e3 c6 8. Qc2
Nd7 9. cxd5 exd5 10. Bd3 Nf8 11. O-O Be6 12. b4 a6 13. a4 Rc8 14. Rfc1 Nd7 15.
Rab1 O-O 16. Nd2 b5 17. Nb3 Be7 18. Nc5 Nxc5 19. bxc5 f5 20. Ne2 Qe8 21. Nf4
Bd7 22. Be2 g6 23. axb5 axb5 24. Ra1 Bd8 25. Ra6 Bc7 26. Bf3 Kg7 27. Rca1 Rf7
28. Nd3 Re7 29. Qc3 g5 30. g3 Qf7 31. Qd2 Kh8 32. Qd1 f4 33. exf4 gxf4 34. Nb4
Bb8 35. Kg2 Qg7 36. Qd2 Rf7 37. R1a3 Rf6 38. Ra8 Rg8 39. Bd1 fxg3 40. hxg3 Rgf8
41. Rf3 Bf5 42. Kg1 Qb7 43. Ra2 h5 44. Bc2 Bxc2 45. Rxf6 Rxf6 46. Qxc2 h4 47.
Kg2 hxg3 48. fxg3 Bxg3 49. Ra3 Rf2+ 50. Qxf2 Bxf2 51. Kxf2 Qf7+ 52. Ke3 Qe6+
53. Kd2 Qh6+ 54. Kc2 Qh2+ 55. Kc3 Qg3+ 56. Kb2 Qf2+ 57. Nc2 Qd2 58. Ra8+ Kg7
59. Rb8 Kf6 60. Rf8+ Ke6 61. Rf3 Qd1 62. Rb3 Kf6 63. Re3 Qd2 64. Rf3+ Kg5 65.
Ra3 Kf4 66. Rb3 Ke4 67. Rc3 Qe2 68. Rg3 Qf2 69. Rc3 Qd2 70. Rb3 Kf5 71. Rc3 Ke6
72. Rb3 Kf5 73. Rc3 Ke4 74. Rb3 b4 75. Rxb4 Kd3 76. Rb3+ Kc4 77. Ra3 Qf2 78.
Rb3 Qd2 79. Ra3 1/2-1/2

[Event "Czech Chess Christmas 2005"]
[Site "Litomysl (CZE)"]
[Date "2005.12.26"]
[Round "1.21"]
[White "Kantorik, Marian"]
[Black "Pozzo, Sebastian"]
[Result "1-0"]
[WhiteElo "2326"]
[BlackElo "1988"]
[PlyCount "53"]
[EventDate "2005.12.26"]

1. d4 g6 2. c4 Bg7 3. e4 d6 4. Nc3 Nd7 5. Nf3 h6 6. Be2 e6 7. Be3 Ne7 8. Qc2
O-O 9. O-O-O a6 10. g4 b5 11. h4 b4 12. Na4 f5 13. gxf5 exf5 14. exf5 Nxf5 15.
Rhg1 Qe8 16. Kb1 Bb7 17. d5 c5 18. Bf4 Qf7 19. Bd3 Bc8 20. h5 gxh5 21. Rde1 Kh8
22. Re6 Ne5 23. Bxe5 Bxe6 24. dxe6 Qxe6 25. Bxf5 Qxf5 26. Bxg7+ Kh7 27. Bxf8
1-0

[Event "Czech Chess Christmas 2005"]
[Site "Litomysl (CZE)"]
[Date "2005.12.26"]
[Round "1.24"]
[White "Kulovana, Eva"]
[Black "Gumula, Daniel"]
[Result "0-1"]
[WhiteElo "2131"]
[BlackElo "2293"]
[PlyCount "62"]
[EventDate "2005.12.26"]

1. e4 c5 2. Nf3 d6 3. d4 cxd4 4. Nxd4 Nf6 5. Nc3 a6 6. Be2 e5 7. Nb3 Be7 8. O-O
O-O 9. Kh1 Qc7 10. f4 b5 11. g4 Bb7 12. Bf3 b4 13. Nd5 Nxd5 14. exd5 Nd7 15. a3
a5 16. axb4 axb4 17. Rxa8 Rxa8 18. g5 exf4 19. Bxf4 Qc4 20. Nd4 Ne5 21. b3 Qc5
22. Nf5 Bf8 23. Be4 Ng6 24. Be3 Qb5 25. Qf3 Ne5 26. Qg2 Re8 27. Bd4 g6 28. Nh6+
Bxh6 29. gxh6 Ng4 30. Kg1 f5 31. Bf3 Ne5 0-1

[Event "Czech Chess Christmas 2005"]
[Site "Litomysl (CZE)"]
[Date "2005.12.26"]
[Round "1.25"]
[White "Kastner, Vojtech"]
[Black "Jedlicka, Ales"]
[Result "0-1"]
[WhiteElo "1953"]
[BlackElo "2289"]
[PlyCount "48"]
[EventDate "2005.12.26"]

1. e4 c5 2. Nf3 e6 3. d4 cxd4 4. Nxd4 a6 5. Bd3 Qc7 6. O-O Nc6 7. Be3 Nf6 8. f4
h5 9. Nxc6 bxc6 10. e5 Ng4 11. Bd4 c5 12. h3 cxd4 13. hxg4 hxg4 14. Qxg4 Bb7
15. Nd2 Bc5 16. Qg5 g6 17. Nf3 Rh5 18. Qf6 Rh7 19. Qg5 Be7 20. Qg4 O-O-O 21.
Nxd4 Bc5 22. c3 Qb6 23. Rfc1 Kb8 24. Kf1 Rh1+ 0-1

[Event "Czech Chess Christmas 2005"]
[Site "Litomysl (CZE)"]
[Date "2005.12.26"]
[Round "1.28"]
[White "Gheorghe, Corina"]
[Black "Horyna, Josef"]
[Result "1-0"]
[WhiteElo "2274"]
[BlackElo "1926"]
[PlyCount "57"]
[EventDate "2005.12.26"]

1. e4 d6 2. d4 Nf6 3. Nc3 e5 4. dxe5 dxe5 5. Qxd8+ Kxd8 6. Bc4 Bb4 7. f3 Rf8 8.
Nge2 c6 9. Be3 Nbd7 10. Kf2 Kc7 11. Nc1 b5 12. Bb3 Bc5 13. Nd3 Bxe3+ 14. Kxe3
a5 15. a3 Ba6 16. Rhc1 g5 17. Ne2 Kb6 18. c4 bxc4 19. Bxc4 Bxc4 20. Rxc4 Rfe8
21. Rac1 Re6 22. Nc3 Rb8 23. Na4+ Kb5 24. b3 Ne8 25. Nac5 Nxc5 26. Rxc5+ Ka6
27. Rxc6+ Rxc6 28. Rxc6+ Ka7 29. Nc5 1-0

[Event "Czech Chess Christmas 2005"]
[Site "Litomysl (CZE)"]
[Date "2005.12.26"]
[Round "1.31"]
[White "Van Nieuwenhuize, Hans"]
[Black "Toma, Katarzyna"]
[Result "1-0"]
[WhiteElo "1843"]
[BlackElo "2238"]
[PlyCount "139"]
[EventDate "2005.12.26"]

1. d4 Nf6 2. c4 g6 3. Nc3 d5 4. e3 Bg7 5. Nf3 O-O 6. Bd3 c5 7. O-O cxd4 8. Nxd4
e5 9. Nb3 dxc4 10. Bxc4 Qc7 11. Qe2 e4 12. h3 Nc6 13. Nb5 Qe7 14. Bd2 Ne5 15.
a3 Nxc4 16. Bb4 Qe5 17. Qxc4 Be6 18. Qc5 Qxc5 19. Nxc5 Bc4 20. Nxb7 Bxb5 21.
Bxf8 Kxf8 22. Rfd1 Ne8 23. Nc5 Bc6 24. Rd2 Rb8 25. Nd7+ Bxd7 26. Rxd7 a5 27.
Ra7 Rb5 28. Rd1 Bxb2 29. Rdd7 Bxa3 30. Rxf7+ Kg8 31. Rxh7 Bd6 32. g4 a4 33.
Rhd7 a3 34. Ra8 Rb8 35. Ra6 g5 36. Kg2 Bf8 37. Rd4 Bg7 38. Rxe4 Bb2 39. Ra5 Ng7
40. Rea4 Ne6 41. Re4 Ng7 42. Rea4 Ne6 43. Re4 Rb6 44. Ra7 Nf8 45. Re8 Re6 46.
Rb8 Rf6 47. Ra5 Rg6 48. Rba8 Rg7 49. Rf5 Rf7 50. Rxg5+ Kh7 51. Rga5 Ne6 52. f4
Rc7 53. Rxa3 Bxa3 54. Rxa3 Kg7 55. Kf3 Rc1 56. h4 Nc5 57. Ra7+ Kg8 58. Rc7 Rf1+
59. Kg2 Rc1 60. g5 Rc2+ 61. Kf3 Rc1 62. h5 Rf1+ 63. Kg2 Rc1 64. h6 Nd3 65. Rg7+
Kh8 66. Re7 Rc2+ 67. Kf3 Rf2+ 68. Kg4 Ra2 69. g6 Ra8 70. f5 1-0

[Event "Czech Chess Christmas 2005"]
[Site "Litomysl (CZE)"]
[Date "2005.12.26"]
[Round "1.32"]
[White "Fuchs, Georg"]
[Black "Novotny, Vladimir"]
[Result "0-1"]
[WhiteElo "2237"]
[BlackElo "1802"]
[PlyCount "78"]
[EventDate "2005.12.26"]

1. e4 c5 2. Nf3 d6 3. d4 cxd4 4. Nxd4 a6 5. Nc3 e6 6. Be2 Be7 7. Be3 Nf6 8. g4
Qc7 9. g5 Nfd7 10. Qd2 b5 11. a4 b4 12. Na2 Bb7 13. f3 Nc6 14. Nxc6 Bxc6 15.
Nxb4 Bb7 16. a5 Nc5 17. Nd3 Rb8 18. Nxc5 dxc5 19. Bf4 e5 20. Be3 O-O 21. Bc4
Kh8 22. Rg1 Rbd8 23. Qg2 Rd6 24. Qh3 Bc8 25. Qh5 g6 26. Qh4 Rfd8 27. Qf2 Qd7
28. Qe2 Qb7 29. c3 f6 30. Bd5 Qc7 31. c4 f5 32. Qf2 fxe4 33. Bxc5 Rxd5 34. Bxe7
Qxe7 35. cxd5 Rxd5 36. Qb6 Rd6 37. Qb8 Rc6 38. Rd1 exf3 39. Rd5 f2+ 0-1

[Event "Czech Chess Christmas 2005"]
[Site "Litomysl (CZE)"]
[Date "2005.12.26"]
[Round "1.33"]
[White "Walas, Aleksandra"]
[Black "Biolek, Richard"]
[Result "0-1"]
[WhiteElo "1795"]
[BlackElo "2235"]
[PlyCount "52"]
[EventDate "2005.12.26"]

1. e4 e5 2. Nf3 Nc6 3. d4 exd4 4. Nxd4 Nf6 5. Nxc6 bxc6 6. Bd3 Bc5 7. O-O d6 8.
Bg5 h6 9. Bh4 g5 10. Bg3 h5 11. h3 h4 12. Bh2 g4 13. hxg4 Nxg4 14. Qf3 h3 15.
g3 Qg5 16. Bc4 Ne5 17. Qb3 Bg4 18. Qc3 Bd4 19. Qb3 Kd7 20. c3 Rab8 21. Qc2 Qf6
22. Be2 Bxe2 23. Qxe2 Rxb2 24. Qd1 Bxf2+ 25. Kh1 Qg6 26. Nd2 Rxd2 0-1

[Event "Czech Chess Christmas 2005"]
[Site "Litomysl (CZE)"]
[Date "2005.12.26"]
[Round "1.51"]
[White "Dorjkhu, Tuvsinbajar"]
[Black "Riedl, Johannes"]
[Result "0-1"]
[WhiteElo "2137"]
[BlackElo "2117"]
[PlyCount "120"]
[EventDate "2005.12.26"]

1. Nf3 f5 2. g3 Nf6 3. Bg2 d6 4. d4 g6 5. O-O Bg7 6. c3 e6 7. Nbd2 O-O 8. Re1
d5 9. Ne5 Na6 10. Ndf3 Bd7 11. b3 Ne4 12. Qd3 Be8 13. Ba3 Rf6 14. h4 h6 15. Bc1
Rf8 16. Ba3 Rf6 17. Nh2 g5 18. hxg5 hxg5 19. g4 Rh6 20. gxf5 exf5 21. Bc1 Qe7
22. Bxe4 dxe4 23. Qg3 Rh5 24. f4 g4 25. Nhxg4 fxg4 26. Qxg4 Qh4 27. Qxh4 Rxh4
28. Kf2 c5 29. Kg3 Rh5 30. Be3 cxd4 31. Bxd4 Nc7 32. Ng4 Bxd4 33. cxd4 Kf7 34.
Rac1 Nd5 35. Nf2 e3 36. Ne4 Bc6 37. Ng5+ Ke7 38. Rg1 Rah8 39. a3 Rh4 40. Rgf1
Nf6 41. Rxc6 bxc6 42. Rc1 Kd7 43. Rc5 Nd5 44. Nf3 Rh3+ 45. Kg4 Nf6+ 46. Kf5
R8h5+ 47. Ng5 Ne8 48. Ke4 R3h4 49. Kxe3 Nf6 50. Rf5 Rh3+ 51. Nxh3 Rxf5 52. Kf3
Rb5 53. b4 a5 54. Nf2 axb4 55. axb4 Rxb4 56. e3 Rb3 57. Ke2 Ke6 58. Nd3 Kf5 59.
Ne5 Ke4 60. Nc4 Rb4 0-1

[Event "Czech Chess Christmas 2005"]
[Site "Litomysl (CZE)"]
[Date "2005.12.27"]
[Round "2.1"]
[White "Biolek, Richard"]
[Black "Dydyshko, Viacheslav"]
[Result "1-0"]
[WhiteElo "2235"]
[BlackElo "2551"]
[PlyCount "91"]
[EventDate "2005.12.26"]

1. e4 c5 2. Nf3 d6 3. d4 cxd4 4. Nxd4 Nf6 5. Nc3 a6 6. Be3 e5 7. Nb3 Be6 8. f3
h5 9. Qd2 Nbd7 10. O-O-O Qc7 11. Be2 Rc8 12. Kb1 Nb6 13. Rhg1 Be7 14. g4 hxg4
15. fxg4 Nc4 16. Bxc4 Qxc4 17. Bg5 Rd8 18. Bxf6 Bxf6 19. g5 Be7 20. g6 f6 21.
Rg3 Rh4 22. Qg2 Rc8 23. Nd2 Qc6 24. Nf3 Rxe4 25. Ng5 fxg5 26. Nxe4 Qa4 27. Ra3
Qb4 28. Nxg5 Bf5 29. Rad3 Bxd3 30. cxd3 Rc6 31. Ne6 Bf6 32. Qd5 Qg4 33. Nxg7+
Kd8 34. Qg8+ Kc7 35. Ne8+ Kb6 36. Qb3+ Ka7 37. Nxf6 Qxg6 38. Ne4 Qg2 39. Rd2
Qh3 40. Qd1 Qe3 41. h4 d5 42. Nc3 Rg6 43. Re2 Qd4 44. Re1 Rg2 45. h5 Rh2 46.
Qf3 1-0

[Event "Czech Chess Christmas 2005"]
[Site "Litomysl (CZE)"]
[Date "2005.12.27"]
[Round "2.3"]
[White "Bartel, Michal"]
[Black "Gajewski, Grzegorz"]
[Result "0-1"]
[WhiteElo "2230"]
[BlackElo "2461"]
[PlyCount "76"]
[EventDate "2005.12.26"]

1. e4 c5 2. g3 e6 3. Bg2 Nc6 4. Ne2 Nf6 5. O-O Be7 6. c3 O-O 7. d4 d5 8. e5 Nd7
9. Be3 Qb6 10. b3 Qa6 11. Nd2 cxd4 12. cxd4 Ba3 13. Nf3 b6 14. Nf4 Nb4 15. Ng5
h6 16. Ngxe6 fxe6 17. Nxe6 b5 18. Qg4 Rf7 19. Nc7 Nxe5 20. Nxa6 Nxg4 21. Nxb4
Bxb4 22. Bxd5 Bb7 23. Be6 Nf6 24. Rfc1 Nd5 25. a4 bxa4 26. Rxa4 a5 27. Ra2 Re8
28. Bxf7+ Kxf7 29. Rac2 Nxe3 30. Rc7+ Re7 31. fxe3 Bd5 32. Rxe7+ Kxe7 33. Rb1
Ke6 34. Kf2 Kf5 35. Ke2 Ke4 36. g4 g6 37. h4 g5 38. hxg5 hxg5 0-1

[Event "Czech Chess Christmas 2005"]
[Site "Litomysl (CZE)"]
[Date "2005.12.27"]
[Round "2.4"]
[White "Biolek, Richard"]
[Black "Cerveny, Martin"]
[Result "1-0"]
[WhiteElo "2454"]
[BlackElo "2226"]
[PlyCount "105"]
[EventDate "2005.12.26"]

1. e4 c5 2. Nf3 d6 3. d4 cxd4 4. Qxd4 Nc6 5. Bb5 e5 6. Qd3 h6 7. O-O Nf6 8. c4
Be7 9. Nc3 O-O 10. h3 Be6 11. Qe2 Nd7 12. Rd1 f5 13. exf5 Rxf5 14. Bxc6 bxc6
15. Nd4 exd4 16. Qxe6+ Rf7 17. Rxd4 Nc5 18. Qg4 Bf6 19. Rd1 Bxc3 20. bxc3 Qf6
21. Qd4 Re8 22. Be3 Ne4 23. Qxf6 Rxf6 24. Rd3 Nc5 25. Rd2 Re4 26. Rd4 Ree6 27.
Rb1 Rf7 28. Rb8+ Kh7 29. Rd1 Na4 30. Rd8 d5 31. cxd5 cxd5 32. R1xd5 Nxc3 33.
Ra5 a6 34. Rd3 Ne2+ 35. Kh2 Nf4 36. Rd4 Ne2 37. Rda4 Rff6 38. Rc5 Rc6 39. Rac4
Rxc5 40. Rxc5 Nf4 41. f3 Nd3 42. Rc3 Nb4 43. Bd4 Rf4 44. Be5 Rf5 45. f4 Nd5 46.
Rc4 h5 47. Rd4 Ne7 48. Rd7 Ng6 49. Rxg7+ Kh6 50. g4 hxg4 51. hxg4 Rf8 52. g5+
Kh5 53. Kg3 1-0

[Event "Czech Chess Christmas 2005"]
[Site "Litomysl (CZE)"]
[Date "2005.12.27"]
[Round "2.5"]
[White "Srba, Milan"]
[Black "Szoen, Dariusz"]
[Result "0-1"]
[WhiteElo "2213"]
[BlackElo "2450"]
[PlyCount "60"]
[EventDate "2005.12.26"]

1. e4 e5 2. Nf3 Nc6 3. Bb5 a6 4. Ba4 Nf6 5. O-O b5 6. Bb3 Be7 7. Re1 d6 8. c3
O-O 9. d4 exd4 10. cxd4 Bg4 11. Be3 d5 12. e5 Ne4 13. a3 Na5 14. Bc2 Nc4 15.
Bc1 f5 16. b3 Nb6 17. a4 bxa4 18. bxa4 Nc4 19. Na3 Nxa3 20. Bxa3 Ng5 21. Re3
Bxf3 22. gxf3 Bxa3 23. Rexa3 Nh3+ 24. Kg2 Qh4 25. Qd2 Rae8 26. f4 Nxf4+ 27. Kh1
Re6 28. Rg3 Rh6 29. h3 Nxh3 30. Kg2 f4 0-1

[Event "Czech Chess Christmas 2005"]
[Site "Litomysl (CZE)"]
[Date "2005.12.27"]
[Round "2.6"]
[White "Vokac, Marek"]
[Black "Herbold, Manfred"]
[Result "1-0"]
[WhiteElo "2445"]
[BlackElo "2197"]
[PlyCount "105"]
[EventDate "2005.12.26"]

1. Nf3 e6 2. g3 d5 3. Bg2 Bd6 4. O-O c6 5. d3 Qe7 6. e4 dxe4 7. dxe4 e5 8. Nbd2
b5 9. a4 a6 10. axb5 cxb5 11. Nd4 Ra7 12. Nf5 Bxf5 13. exf5 Nf6 14. c4 b4 15.
Nb3 Rc7 16. Qe2 Nfd7 17. Be3 O-O 18. Rfd1 Rfc8 19. Bd5 Bc5 20. Nxc5 Nxc5 21.
Bxc5 Rxc5 22. Re1 Re8 23. f4 e4 24. Qe3 Qa7 25. Ra5 Rc7 26. Qxa7 Rxa7 27. Kf2
Rc7 28. b3 Nd7 29. Ke3 Nc5 30. Rb1 g6 31. Kd4 Rec8 32. f6 e3 33. Kxe3 Re8+ 34.
Kd4 Ne6+ 35. Bxe6 Rxe6 36. Rba1 Rd6+ 37. Rd5 Rxf6 38. Ra4 Rb7 39. c5 Rb5 40.
Kc4 Re6 41. Re5 Rc6 42. Rxb4 Ra5 43. Ra4 Rb5 44. Rxa6 Rbxc5+ 45. Rxc5 Rxa6 46.
b4 Kf8 47. b5 Ra4+ 48. Kd5 Ke8 49. b6 Rb4 50. Kc6 Kd8 51. b7 f6 52. Rd5+ Ke8
53. Rb5 1-0

[Event "Czech Chess Christmas 2005"]
[Site "Litomysl (CZE)"]
[Date "2005.12.27"]
[Round "2.12"]
[White "Balhar, Jan"]
[Black "Jackova, Jana"]
[Result "1/2-1/2"]
[WhiteElo "2175"]
[BlackElo "2389"]
[PlyCount "89"]
[EventDate "2005.12.26"]

1. e4 e5 2. Nf3 Nc6 3. Bb5 a6 4. Bxc6 dxc6 5. O-O Qd6 6. Na3 b5 7. c3 c5 8. d4
cxd4 9. cxd4 exd4 10. Nxd4 Bd7 11. Be3 Nf6 12. f3 Qe5 13. Rc1 Bd6 14. g3 Qh5
15. Nc6 O-O 16. Bd4 Bxc6 17. Rxc6 Rfd8 18. Nc2 Be5 19. Qd3 Bxd4+ 20. Nxd4 Qe5
21. Rd1 Rd7 22. Qc3 Rad8 23. Rc5 Qe7 24. Rd2 h5 25. Rg5 b4 26. Qe3 Qf8 27. e5
Nh7 28. Rxh5 c5 29. Nb3 c4 30. Rxd7 Rxd7 31. Nd2 Rd3 32. Qe2 Qc5+ 33. Kg2 Qd4
34. Ne4 Re3 35. Qc2 Qd3 36. Qa4 Rxe4 37. Qe8+ Nf8 38. Rh8+ Kxh8 39. Qxf8+ Kh7
40. fxe4 Qxe4+ 41. Kh3 Qf5+ 42. Kg2 c3 43. Qxb4 Qc2+ 44. Kh3 cxb2 45. Qh4+
1/2-1/2

[Event "Czech Chess Christmas 2005"]
[Site "Litomysl (CZE)"]
[Date "2005.12.27"]
[Round "2.16"]
[White "Kanovsky, David"]
[Black "Zeinert, Michal"]
[Result "1-0"]
[WhiteElo "2335"]
[BlackElo "2113"]
[PlyCount "49"]
[EventDate "2005.12.26"]

1. e4 c5 2. Nf3 e6 3. d4 cxd4 4. Nxd4 a6 5. Bd3 Nf6 6. c4 Nc6 7. Nxc6 dxc6 8.
O-O e5 9. h3 Be6 10. Nc3 Bc5 11. Rb1 Qe7 12. a3 a5 13. Qf3 Nd7 14. b4 axb4 15.
axb4 Bxb4 16. Nd5 cxd5 17. exd5 Bxd5 18. cxd5 Rb8 19. Qg4 Bd6 20. Qxg7 Qf6 21.
Qxf6 Nxf6 22. Rb6 Kd7 23. Bf5+ Ke7 24. Bg5 h6 25. Bh4 1-0

[Event "Czech Chess Christmas 2005"]
[Site "Litomysl (CZE)"]
[Date "2005.12.27"]
[Round "2.18"]
[White "Riedl, Johannes"]
[Black "Karlik, Vladimir"]
[Result "1/2-1/2"]
[WhiteElo "2117"]
[BlackElo "2293"]
[PlyCount "56"]
[EventDate "2005.12.26"]

1. e4 g6 2. d4 Bg7 3. Nc3 c6 4. Nf3 d5 5. h3 dxe4 6. Nxe4 Nd7 7. Bc4 Ngf6 8.
Nfg5 O-O 9. c3 Nxe4 10. Nxe4 Qc7 11. Bg5 c5 12. d5 Nb6 13. Qe2 Nxc4 14. Qxc4 b6
15. O-O a5 16. Rfe1 a4 17. d6 exd6 18. Nf6+ Bxf6 19. Bxf6 Qc6 20. Re7 d5 21.
Qf4 Bf5 22. Qg5 h6 23. Qh4 b5 24. Re5 Be4 25. f3 Bd3 26. Rae1 Rfc8 27. Re7 Rf8
28. R1e3 Bb1 1/2-1/2

[Event "Czech Chess Christmas 2005"]
[Site "Litomysl (CZE)"]
[Date "2005.12.27"]
[Round "2.21"]
[White "Mejzlik, Ondrej"]
[Black "Holemar, David"]
[Result "1/2-1/2"]
[WhiteElo "2105"]
[BlackElo "2287"]
[PlyCount "106"]
[EventDate "2005.12.26"]

1. c4 g6 2. Nc3 Bg7 3. g3 e5 4. Bg2 f5 5. d3 Nf6 6. e4 d6 7. Nge2 O-O 8. O-O
fxe4 9. dxe4 Be6 10. b3 c5 11. h3 Nc6 12. f4 Qd7 13. g4 exf4 14. Bxf4 Rad8 15.
Qd2 h5 16. Rad1 hxg4 17. hxg4 Nxg4 18. Qxd6 Qc8 19. Qxc5 Rxd1 20. Rxd1 Bxc3 21.
Bd6 Be5 22. Bxf8 Qxf8 23. Qxf8+ Kxf8 24. Bh3 Ne3 25. Rd3 Bxh3 26. Rxe3 Bg4 27.
Kf1 Ke7 28. a3 g5 29. Nc3 Ke6 30. Nd5 Nd4 31. b4 Bf4 32. Nxf4+ gxf4 33. Rc3 Ke5
34. a4 Kxe4 35. c5 Ne2 36. c6 b6 37. Ra3 f3 38. Kf2 Nd4 39. b5 Kd5 40. Rc3 Bc8
41. Re3 Ne6 42. Rxf3 a6 43. Rf5+ Kd6 44. a5 axb5 45. Rxb5 bxa5 46. Rxa5 Kxc6
47. Ra3 Kd5 48. Ra8 Bd7 49. Ra7 Bc8 50. Ra8 Bb7 51. Ra7 Bc6 52. Ra6 Bb5 53.
Rxe6 Kxe6 1/2-1/2

[Event "Czech Chess Christmas 2005"]
[Site "Litomysl (CZE)"]
[Date "2005.12.27"]
[Round "2.22"]
[White "Sabol, Marian"]
[Black "Kotyza, Bohumil"]
[Result "1-0"]
[WhiteElo "2287"]
[BlackElo "1981"]
[PlyCount "49"]
[EventDate "2005.12.26"]

1. b3 e5 2. Bb2 d6 3. g3 Bd7 4. Bg2 Bc6 5. Nf3 Nd7 6. O-O Ne7 7. c4 Ng6 8. Nc3
Be7 9. e4 O-O 10. d4 Nf6 11. Qe2 Qc8 12. h3 h6 13. Kh2 Nh7 14. dxe5 dxe5 15.
Nd5 Bd6 16. Rfd1 Re8 17. a3 a5 18. Rac1 b6 19. Nxb6 cxb6 20. Rxd6 Qb7 21. Rxg6
fxg6 22. Nxe5 Re6 23. Nxc6 Rf8 24. Nd4 Ref6 25. f4 1-0

[Event "Czech Chess Christmas 2005"]
[Site "Litomysl (CZE)"]
[Date "2005.12.27"]
[Round "2.26"]
[White "Plat, Vojtech"]
[Black "Zawadzki, Stanislaw"]
[Result "1/2-1/2"]
[WhiteElo "1996"]
[BlackElo "2404"]
[PlyCount "63"]
[EventDate "2005.12.26"]

1. e4 c5 2. Nf3 d6 3. d4 cxd4 4. Nxd4 Nf6 5. Nc3 Nc6 6. Be2 g6 7. O-O Bg7 8.
Be3 O-O 9. Qd2 Nxd4 10. Bxd4 Qa5 11. Rad1 Rd8 12. Rfe1 e5 13. Be3 Be6 14. Bg5
Rac8 15. Bxf6 Bxf6 16. Nd5 Qxd2 17. Nxf6+ Kg7 18. Nh5+ gxh5 19. Rxd2 h4 20.
Red1 Kf6 21. f3 Ke7 22. Kf2 Rc6 23. g3 Rdc8 24. c3 Rg8 25. Bb5 Rb6 26. Be2 Rg6
27. f4 hxg3+ 28. hxg3 exf4 29. gxf4 Rh6 30. b3 f6 31. f5 Bf7 32. c4 1/2-1/2

[Event "Czech Chess Christmas 2005"]
[Site "Litomysl (CZE)"]
[Date "2005.12.27"]
[Round "2.30"]
[White "Gruber, Michael"]
[Black "Stodolova, Kristyna"]
[Result "1-0"]
[WhiteElo "2134"]
[BlackElo "2001"]
[PlyCount "45"]
[EventDate "2005.12.26"]

1. e4 Nf6 2. Nc3 Nc6 3. d4 e6 4. Nf3 Bb4 5. Bg5 h6 6. Bxf6 Qxf6 7. e5 Qe7 8.
Bd3 d6 9. O-O dxe5 10. dxe5 Bxc3 11. bxc3 O-O 12. Qe2 Qc5 13. Qe4 g6 14. Rab1
a6 15. Qf4 Kh7 16. h4 Ne7 17. h5 Rb8 18. Qf6 Bd7 19. Nh4 b6 20. Rb4 Nd5 21.
hxg6+ Kg8 22. gxf7+ Rxf7 23. Rg4+ 1-0